000 00312nam a22001337a 4500
082 _a894.812.3
_bGEO/J
100 _aGEORGE, BEENA
245 _aJWALIKKUNNA MANCHIRATHUKAL
260 _aTRIVANDRUM
_bPRABHATHAM PRINTING & PUBLISHING CO
_c1997
300 _a108
520 _aNOVEL
650 _aNOVEL
942 _cBK
999 _c4818
_d4818